| 000 | 00376nam a2200133Ia 4500 | ||
|---|---|---|---|
| 008 | 240719s9999 xx 000 0 und d | ||
| 041 | _aeng | ||
| 082 | _a612.68 ATT | ||
| 100 | _aAttia, Peter | ||
| 245 | _aOutlive: The Science and Art of Longevity | ||
| 260 |
_aLondon _bPenguin Random House _c2023 |
||
| 300 | _a482; P. 22cm | ||
| 520 | _aFaculty purchase by Dr. S. Maheswaran | ||
| 999 |
_c41454 _d41454 |
||